| 000 | 00719nas a2200241 4500 | ||
|---|---|---|---|
| 001 | BR9205974 | ||
| 003 | BR-BrBNA | ||
| 005 | 20231205095001.0 | ||
| 007 | ta | ||
| 008 | 230509b bl.|||p| |||| 00| 00por d | ||
| 040 |
_aBR-BrBNA _bpor _cBiblioteca Nacional de Agricultura |
||
| 041 | _a(Pt) | ||
| 072 | _aL72 | ||
| 100 | 1 | _aNunes, V.L.B. | |
| 100 | 1 | _aOshiro, E.T. | |
| 245 | 1 | _aTrypanosoma sp. em jacare, Caiman crocodilus yacare (Daudin, 1802)(Crocodilia: Alligatoridae) | |
| 650 | _aJacare | ||
| 650 | _aParasito de Animal | ||
| 650 | _aPantanal | ||
| 773 | 0 |
_tSemina (Brazil) _xISSN 0101-3742 _g(Mar 1990), v. 11(1) p. 62-65 _wBR9205974 |
|
| 909 |
_a202311 _bLúcia _c55 _dLúcia Elande |
||
| 942 |
_2AGRIS _n0 _cANA |
||
| 999 |
_c148086 _d148086 |
||